UBT Library

An introduction to mechanical engineering / (Record no. 44585)

000 -LEADER
fixed length control field 00838cam a22002777a 4500
001 - CONTROL NUMBER
control field 16865123
005 - DATE AND TIME OF LATEST TRANSACTION
control field 20180309073555.0
008 - FIXED-LENGTH DATA ELEMENTS--GENERAL INFORMATION
fixed length control field 110711s2013 ctua b 001 0 eng d
010 ## - LIBRARY OF CONGRESS CONTROL NUMBER
LC control number 2011934125
020 ## - INTERNATIONAL STANDARD BOOK NUMBER
International Standard Book Number 9781111576806
020 ## - INTERNATIONAL STANDARD BOOK NUMBER
International Standard Book Number 1111576807
035 ## - SYSTEM CONTROL NUMBER
System control number (OCoLC)ocn741541342
040 ## - CATALOGING SOURCE
Original cataloging agency BTCTA
Language of cataloging eng
Transcribing agency BTCTA
Modifying agency YDXCP
-- BUF
-- DLC
041 ## - LANGUAGE CODE
Language code of text/sound track or separate title eng
042 ## - AUTHENTICATION CODE
Authentication code lccopycat
080 ## - UNIVERSAL DECIMAL CLASSIFICATION NUMBER
Universal Decimal Classification number 621 WIC
082 04 - DEWEY DECIMAL CLASSIFICATION NUMBER
Classification number 621 WIC
Edition number 22
100 1# - Rafti
Rafti 27
101 ## - Shkurtesa
Shkurtesa MEK
245 13 - TITLE STATEMENT
Title An introduction to mechanical engineering /
Statement of responsibility, etc Jonathan Wickert, Kemper Lewis.
504 ## - BIBLIOGRAPHY, ETC. NOTE
Bibliography, etc Includes bibliographical references and index.
906 ## - LOCAL DATA ELEMENT F, LDF (RLIN)
a 7
b cbc
c copycat
d 2
e epcn
f 20
g y-gencatlg
942 ## - ADDED ENTRY ELEMENTS (KOHA)
Source of classification or shelving scheme
Item type Books
Holdings
Withdrawn status Lost status Source of classification or shelving scheme Damaged status Not for loan Collection code Permanent location Current location Shelving location Date acquired Total Checkouts Full call number Barcode Date last seen Price effective from Koha item type
          Koleksioni i përgjithshem UBT - Lipjan UBT - Lipjan Koleksioni i përgjithshem 03/09/2018   621 WIC 002-3000885 03/09/2018 03/09/2018 Books
UBT Library © 2015-2024. All rights reserved University Education for Business and Technology